[Event "4NCL Division 3"]
[Site "Daventry Court ENG"]
[Date "2015.03.21"]
[Round "7.205"]
[White "Reeve, Andy"]
[Black "Reynolds, D Ian W"]
[Result "0-1"]
[WhiteElo "2044"]
[BlackElo "2075"]
[PlyCount "50"]
[EventDate "2015.03.21"]
[WhiteTeam "Manchester Manticores 1"]
[BlackTeam "Iceni 1"]

1. c4 e5 2. Nc3 Nf6 3. Nf3 Nc6 4. g3 Bb4 5. Nd5 e4 6. Nxb4 Nxb4 7. Nd4 Ng4 8.
f3 Qf6 9. fxg4 Qxd4 10. a3 Nc6 11. e3 Qe5 12. Bg2 O-O 13. O-O d6 14. Qc2 f5 15.
Rb1 Qe7 16. b3 Ne5 17. gxf5 Bxf5 18. Bb2 Nf3+ 19. Kh1 Qg5 20. Rf2 Rae8 21. Qc3
Re6 22. Rbf1 Bg4 23. Qd4 Rh6 24. Bxf3 Bxf3+ 25. Kg1 Qxg3+ 0-1

[Event "4NCL Division 3"]
[Site "Daventry Court ENG"]
[Date "2015.03.21"]
[Round "7.206"]
[White "Feavyour, John A"]
[Black "Jarmany, John"]
[Result "0-1"]
[WhiteElo "2027"]
[BlackElo "2030"]
[PlyCount "88"]
[EventDate "2015.03.21"]
[WhiteTeam "Iceni 1"]
[BlackTeam "Manchester Manticores 1"]

1. d4 d5 2. c4 c6 3. Nf3 Nf6 4. Nc3 a6 5. cxd5 cxd5 6. Bg5 Ne4 7. e3 Nc6 8. Bd3
Nxg5 9. Nxg5 e5 10. h4 e4 11. Be2 Be7 12. Qb3 h6 13. Nh3 Be6 14. Nf4 Na5 15.
Qa4+ b5 16. Qd1 Qd7 17. Nxe6 Qxe6 18. Bg4 f5 19. Be2 Nc4 20. Bxc4 bxc4 21. Qa4+
Kf7 22. Qa5 Rhd8 23. a3 Rab8 24. Rb1 Rb3 25. g3 Rdb8 26. O-O Rxb2 27. Rxb2 Rxb2
28. Rb1 Rxb1+ 29. Nxb1 Qc6 30. Nc3 Ke6 31. Kg2 Bd6 32. Qd8 Kf7 33. Qa5 Bc7 34.
Qb4 a5 35. Qb1 Ke6 36. Qd1 g6 37. f3 Qd6 38. Qe1 Qxa3 39. fxe4 fxe4 40. Kh3 Qf8
41. Nb5 Bb8 42. Nc3 Qf3 43. Ne2 h5 44. Ng1 Qh1# 0-1

[Event "4NCL Division 3"]
[Site "Daventry Court ENG"]
[Date "2015.03.21"]
[Round "7.207"]
[White "Cawley, Paul.F"]
[Black "Savage, Nicholas W"]
[Result "1/2-1/2"]
[WhiteElo "2024"]
[BlackElo "2008"]
[PlyCount "63"]
[EventDate "2015.03.21"]
[WhiteTeam "Manchester Manticores 1"]
[BlackTeam "Iceni 1"]

1. d4 Nf6 2. Bf4 g6 3. e3 Bg7 4. Nf3 O-O 5. h3 d6 6. Be2 c5 7. c3 Be6 8. O-O
Qb6 9. Qc1 Nc6 10. Nbd2 Rac8 11. dxc5 Qxc5 12. Ng5 Bd7 13. e4 Qa5 14. Nc4 Qc7
15. Qe3 e5 16. Bg3 h6 17. Nf3 b5 18. Na3 a6 19. Rfd1 Be6 20. c4 b4 21. Nc2 a5
22. b3 Nd7 23. Rac1 Nc5 24. Nd2 Ra8 25. f4 Qa7 26. Bf2 Kh7 27. Nf3 Rfd8 28.
fxe5 Nxe5 29. Nxe5 Bxe5 30. Nd4 Qb7 31. Bf3 a4 32. Nb5 1/2-1/2

[Event "4NCL Division 3"]
[Site "Daventry Court ENG"]
[Date "2015.03.21"]
[Round "7.208"]
[White "Daugman, John G"]
[Black "Lopez, Pablo.G.J"]
[Result "1-0"]
[WhiteElo "1972"]
[BlackElo "1980"]
[PlyCount "115"]
[EventDate "2015.03.21"]
[WhiteTeam "Iceni 1"]
[BlackTeam "Manchester Manticores 1"]

1. d4 Nf6 2. c4 g6 3. Nc3 Bg7 4. e4 d6 5. f3 O-O 6. Be3 Nc6 7. Bd3 e5 8. d5 Ne7
9. Nge2 c6 10. O-O Ne8 11. b4 f5 12. Qb3 Kh8 13. a4 f4 14. Bf2 g5 15. Rfd1 g4
16. Rac1 gxf3 17. gxf3 Qd7 18. Kh1 Qh3 19. Ng1 Qh5 20. Bf1 Rf6 21. dxc6 Rh6 22.
h3 Nxc6 23. Nce2 Be6 24. Qa3 Rd8 25. Qc3 b6 26. Rd2 Bf6 27. a5 bxa5 28. b5 Ne7
29. Bxa7 Rc8 30. Qxa5 Rxc4 31. Rxc4 Bxc4 32. Nxf4 Qf7 33. Bxc4 Qxc4 34. Nfe2 d5
35. b6 Nd6 36. Qa2 Qb4 37. Qb2 Qa5 38. Qa2 Qb4 39. Qb2 Qa5 40. Qa2 Qb4 41. Rb2
Qe1 42. Rb1 Qf2 43. b7 Rxh3+ 44. Nxh3 Qxf3+ 45. Kh2 Nxb7 46. Rxb7 Qxe4 47. Rb8+
Kg7 48. Nc3 Qd3 49. Qg2+ Kf7 50. Nb5 Ng6 51. Ng5+ Bxg5 52. Qxg5 Qe2+ 53. Qg2
Qh5+ 54. Kg1 Nf4 55. Qg8+ Kf6 56. Rf8+ Ke7 57. Qg7+ Ke6 58. Rf6# 1-0

[Event "4NCL Division 3"]
[Site "Daventry Court ENG"]
[Date "2015.03.21"]
[Round "7.215"]
[White "Chan, Nevil"]
[Black "Gregory, Andrew M"]
[Result "1/2-1/2"]
[WhiteElo "2020"]
[BlackElo "1987"]
[PlyCount "46"]
[EventDate "2015.03.21"]
[WhiteTeam "Cambridge University 3"]
[BlackTeam "West is Best 2"]

1. d4 d5 2. Nc3 Nf6 3. Bg5 e6 4. Nf3 Be7 5. e3 Ne4 6. Nxe4 dxe4 7. Bxe7 Qxe7 8.
Nd2 f5 9. Nc4 Nd7 10. Qd2 O-O 11. Qc3 c5 12. O-O-O b5 13. Ne5 Nxe5 14. dxe5 a6
15. Rd6 Bb7 16. Be2 c4 17. Rhd1 Bd5 18. g3 Qb7 19. Qd4 Rab8 20. Kd2 Rfd8 21.
Rxd8+ Rxd8 22. Ke1 Rd7 23. Qc5 Kf7 1/2-1/2

[Event "4NCL Division 3"]
[Site "Daventry Court ENG"]
[Date "2015.03.21"]
[Round "7.216"]
[White "Davies, Matthew"]
[Black "Kreuzer, Christopher RL"]
[Result "1/2-1/2"]
[WhiteElo "1948"]
[BlackElo "1934"]
[PlyCount "46"]
[EventDate "2015.03.21"]
[WhiteTeam "West is Best 2"]
[BlackTeam "Cambridge University 3"]

1. d4 Nf6 2. c4 e6 3. Nc3 Bb4 4. e3 O-O 5. Nge2 Ne4 6. Qc2 d5 7. a3 Bxc3+ 8.
Nxc3 f5 9. Bd3 c6 10. O-O Nd7 11. f3 Nxc3 12. Qxc3 Nf6 13. b3 Bd7 14. a4 Be8
15. Ba3 Rf7 16. Rae1 Qc7 17. e4 fxe4 18. fxe4 dxe4 19. Bxe4 Nxe4 20. Rxe4 Rxf1+
21. Kxf1 Bg6 22. Re5 Rd8 23. Kg1 Qd7 1/2-1/2

[Event "4NCL Division 3"]
[Site "Daventry Court ENG"]
[Date "2015.03.21"]
[Round "7.217"]
[White "Ivanov, George"]
[Black "Bridges, Paul"]
[Result "1/2-1/2"]
[WhiteElo "1792"]
[BlackElo "1857"]
[PlyCount "83"]
[EventDate "2015.03.21"]
[WhiteTeam "Cambridge University 3"]
[BlackTeam "West is Best 2"]

1. e4 c5 2. Nc3 e6 3. f4 Nc6 4. Nf3 a6 5. a4 g6 6. Bc4 Bg7 7. f5 Nge7 8. d3 d5
9. Ba2 dxe4 10. Nxe4 gxf5 11. Ng3 Rg8 12. Qe2 Nd4 13. Nxd4 Qxd4 14. c3 Qe5 15.
O-O Qxe2 16. Nxe2 Bd7 17. Be3 Rc8 18. Nf4 Bh6 19. Bc1 Bc6 20. g3 Bxf4 21. Bxf4
Ng6 22. Bd6 b6 23. a5 Kd7 24. Bf4 Nxf4 25. Rxf4 b5 26. Re1 Rg4 27. Rxg4 fxg4
28. Rf1 Ke7 29. Rf4 h5 30. Kf2 Rd8 31. Ke3 Bf3 32. b4 cxb4 33. Rxb4 Bd5 34. c4
bxc4 35. dxc4 Bg2 36. Rb6 Rd6 37. c5 Rxb6 38. cxb6 Kd6 39. Kd4 e5+ 40. Ke3 f6
41. Bf7 Kc5 42. Bg6 1/2-1/2

[Event "4NCL Division 3"]
[Site "Daventry Court ENG"]
[Date "2015.03.21"]
[Round "7.218"]
[White "Dydak, Mat"]
[Black "Breed, Greg"]
[Result "1-0"]
[WhiteElo "1874"]
[BlackElo "1769"]
[PlyCount "111"]
[EventDate "2015.03.21"]
[WhiteTeam "West is Best 2"]
[BlackTeam "Cambridge University 3"]

1. f4 d5 2. Nf3 c5 3. g3 Nc6 4. Bg2 Nf6 5. O-O Bf5 6. d3 e6 7. Qe1 Be7 8. h3 h5
9. c3 Qb6 10. Nbd2 c4+ 11. d4 Be4 12. Ne5 Bxg2 13. Kxg2 Bd6 14. e4 Bxe5 15.
fxe5 Nxe4 16. Nxe4 dxe4 17. Qe2 Ne7 18. Qxc4 Qc6 19. Qxc6+ bxc6 20. Re1 c5 21.
dxc5 Rc8 22. b4 Rd8 23. Bg5 Rd3 24. Rac1 Nd5 25. Rxe4 Kd7 26. Rd4 Rxd4 27. cxd4
Nxb4 28. Rb1 Rb8 29. Kf3 Kc7 30. Be7 Kc6 31. Bd6 Rb7 32. Bf8 g6 33. a3 Nc2 34.
Rxb7 Kxb7 35. Ke4 Kc6 36. a4 Nb4 37. Bd6 Nd5 38. Kd3 h4 39. gxh4 Nf4+ 40. Kc4
Nxh3 41. Kb4 Ng1 42. Be7 Kd5 43. Bg5 Nf3 44. Be3 Kc6 45. Bf2 Nd2 46. Ka5 Ne4
47. Be1 Kb7 48. Kb5 a6+ 49. Kc4 f5 50. d5 exd5+ 51. Kxd5 Kc7 52. c6 Kd8 53. e6
Nf6+ 54. Ke5 Ne8 55. Ba5+ Kc8 56. e7 1-0

[Event "4NCL Division 3"]
[Site "Daventry Court ENG"]
[Date "2015.03.21"]
[Round "7.219"]
[White "Ivanov, Elizabeth"]
[Black "Staniforth, Matthew"]
[Result "0-1"]
[WhiteElo "1522"]
[BlackElo "1891"]
[PlyCount "54"]
[EventDate "2015.03.21"]
[WhiteTeam "Cambridge University 3"]
[BlackTeam "West is Best 2"]

1. e4 e5 2. Nf3 Nc6 3. d4 exd4 4. Bc4 Nf6 5. e5 d5 6. Bb5 Ne4 7. Nxd4 Bd7 8.
Bxc6 bxc6 9. O-O Bc5 10. c3 Bb6 11. f4 c5 12. Nb3 d4 13. f5 Bc6 14. Qf3 Qd7 15.
Qh3 c4 16. e6 dxc3+ 17. Be3 fxe6 18. Bxb6 cxb6 19. fxe6 Qd5 20. Nxc3 Nxc3 21.
bxc3 cxb3 22. axb3 Qc5+ 23. Kh1 Rd8 24. b4 Qg5 25. Rxa7 Rd2 26. Rg1 Rxg2 27.
Rxg2 Qc1# 0-1

[Event "4NCL Division 3"]
[Site "Daventry Court ENG"]
[Date "2015.03.21"]
[Round "7.99"]
[White "Goodhead, James W"]
[Black "Pafura, Godfrey"]
[Result "1-0"]
[WhiteElo "1903"]
[BlackElo "2075"]
[PlyCount "101"]
[EventDate "2015.03.21"]

1. d4 Nf6 2. Nf3 g6 3. Nc3 Bg7 4. e4 d6 5. Be2 O-O 6. O-O Nbd7 7. Be3 c6 8. h3
Qc7 9. d5 a6 10. Qd2 cxd5 11. exd5 b5 12. a3 Bb7 13. Rad1 Rfc8 14. Rfe1 Nc5 15.
Bxc5 dxc5 16. d6 exd6 17. Qxd6 b4 18. Na4 Qa5 19. Qb6 Qxa4 20. Qxb7 Qxc2 21.
Ne5 Rf8 22. axb4 Rae8 23. Bf3 Qxb2 24. bxc5 Qc3 25. Rc1 Qd4 26. c6 Rb8 27. Qxb8
Rxb8 28. c7 Rc8 29. Nc6 Bh6 30. Nxd4 Bxc1 31. Rxc1 Ne8 32. Nb3 Kf8 33. Bc6 Rxc7
34. Bxe8 Rxc1+ 35. Nxc1 Kxe8 36. Kf1 Ke7 37. Ke2 Ke6 38. Nb3 Kd5 39. Kd3 g5 40.
Nd4 Ke5 41. Nc6+ Kf4 42. Kd4 h5 43. Ne5 f6 44. g3+ Kf5 45. Nd3 Kg6 46. Ke4 a5
47. Nc5 f5+ 48. Ke5 h4 49. gxh4 g4 50. hxg4 fxg4 51. Kf4 1-0

[Event "4NCL Division 3"]
[Site "Daventry Court ENG"]
[Date "2015.03.21"]
[Round "7.99"]
[White "Richardson, Keith B"]
[Black "Booley, Graham M"]
[Result "1-0"]
[WhiteElo "2039"]
[BlackElo "1810"]
[PlyCount "75"]
[EventDate "2015.03.21"]

1. c4 Nf6 2. Nc3 c5 3. Nf3 Nc6 4. d4 cxd4 5. Nxd4 e6 6. Nc2 Bc5 7. Be3 Bxe3 8.
Nxe3 b6 9. g3 Bb7 10. Nb5 O-O 11. Nd6 Na5 12. Nxb7 Nxb7 13. Bg2 Qc7 14. O-O
Rac8 15. Rc1 Rfd8 16. b4 d6 17. Qa4 a5 18. a3 Ra8 19. Qb5 axb4 20. axb4 Ra2 21.
c5 dxc5 22. Bxb7 Qxb7 23. bxc5 Ra5 24. Qxb6 Qxb6 25. cxb6 Rb5 26. Rb1 Rxb1 27.
Rxb1 Rb8 28. Nc4 Kf8 29. b7 Ke7 30. Ne5 Kd6 31. Nxf7+ Kc7 32. Ng5 e5 33. Ne6+
Kc6 34. Nxg7 Rxb7 35. Rxb7 Kxb7 36. Kg2 Kc6 37. f3 Kd5 38. e4+ 1-0

[Event "4NCL Division 3"]
[Site "Daventry Court ENG"]
[Date "2015.03.21"]
[Round "7.99"]
[White "Winter, Kevin"]
[Black "Lawson, Maurice E"]
[Result "1-0"]
[WhiteElo "1803"]
[BlackElo "1974"]
[PlyCount "45"]
[EventDate "2015.03.21"]

1. e4 c6 2. d4 d5 3. e5 Bf5 4. h4 h5 5. Bg5 Qb6 6. Bd3 Bxd3 7. Qxd3 Qxb2 8. e6
Qxa1 9. Qb3 Qxd4 10. Qxb7 fxe6 11. Be3 Qc4 12. Nf3 Nd7 13. Qxa8+ Kf7 14. Ng5+
Kg6 15. Qe8+ Kf5 16. Qxd7 Rh6 17. Qe8 Rf6 18. Qxh5 g6 19. Qf3+ Ke5 20. Qg3+ Kf5
21. Nf3 Bh6 22. Nd4+ Ke4 23. Nd2# 1-0

[Event "4NCL Division 3"]
[Site "Daventry Court ENG"]
[Date "2015.03.21"]
[Round "7.99"]
[White "Head, Louise"]
[Black "Homer, Neil S"]
[Result "1/2-1/2"]
[WhiteElo "1945"]
[BlackElo "1754"]
[PlyCount "140"]
[EventDate "2015.03.21"]

1. d4 d5 2. c4 e6 3. Nf3 c5 4. cxd5 exd5 5. g3 Nc6 6. Bg2 Nf6 7. O-O Be7 8. Nc3
O-O 9. b3 Bf5 10. Bb2 Re8 11. Na4 cxd4 12. Nxd4 Nxd4 13. Bxd4 Be6 14. Nc5 Bxc5
15. Bxc5 b6 16. Bd4 Rc8 17. Rc1 Rxc1 18. Qxc1 Qe7 19. Qb2 Rc8 20. e3 h6 21. Rc1
Rxc1+ 22. Qxc1 Ne4 23. f3 Nd6 24. Qa3 Qd7 25. Qb2 f6 26. Qd2 Qc7 27. Bf1 Bf5
28. g4 Bg6 29. Qc3 Qxc3 30. Bxc3 Bb1 31. a3 Ba2 32. b4 Nc4 33. Bxc4 dxc4 34.
Kf2 b5 35. e4 Kf7 36. Ke3 Ke6 37. Kd4 Kd6 38. h4 Bb3 39. Ke3 Ke6 40. h5 Bd1 41.
Kf4 Be2 42. Kg3 Bd3 43. Kf2 a6 44. Ke3 Bc2 45. f4 Bd1 46. f5+ Kd6 47. Kf4 Ke7
48. e5 fxe5+ 49. Bxe5 Kf7 50. Bc3 Be2 51. Kg3 Bd1 52. Kh4 Be2 53. g5 hxg5+ 54.
Kxg5 Bd3 55. Bd4 Bc2 56. Bc3 Bd1 57. h6 gxh6+ 58. Kxh6 Bc2 59. Kg5 Bb3 60. Kf4
Bc2 61. Ke5 Bb3 62. Kd6 Bc2 63. f6 Bb3 64. Kc6 Ba4 65. Kb6 Ke6 66. Kxa6 Kf7 67.
Kb6 Ke6 68. Kc7 Kf7 69. Kd6 Bb3 70. Kc5 Ba4 1/2-1/2

[Event "4NCL Division 3"]
[Site "Daventry Court ENG"]
[Date "2015.03.21"]
[Round "7.99"]
[White "Milson, Amy F"]
[Black "Amato, Giampiero"]
[Result "0-1"]
[WhiteElo "1667"]
[BlackElo "1927"]
[PlyCount "74"]
[EventDate "2015.03.21"]

1. e4 e5 2. Nf3 Nf6 3. Nc3 Nc6 4. Bc4 Nxe4 5. Nxe4 d5 6. Bxd5 Qxd5 7. Nc3 Qa5
8. O-O Bg4 9. Qe2 O-O-O 10. Qe3 f6 11. h3 Bc5 12. Qe4 f5 13. Qa4 Bxf3 14. Qxa5
Nxa5 15. gxf3 Nc6 16. Ne2 Nb4 17. c3 Nd3 18. b4 Bb6 19. a4 Rd6 20. Kh1 Bxf2 21.
Ba3 Bh4 22. Kh2 Rhd8 23. b5 R6d7 24. Kg2 Nf4+ 25. Nxf4 Rxd2+ 26. Kg1 exf4 27.
Bc1 Rc2 28. Bxf4 Rxc3 29. Rac1 Rdd3 30. Be5 Rxc1 31. Rxc1 Rd7 32. a5 Kd8 33.
Bf4 Be7 34. Be3 Rd5 35. b6 axb6 36. axb6 c5 37. Bf4 Kd7 0-1

[Event "4NCL Division 3"]
[Site "Daventry Court ENG"]
[Date "2015.03.21"]
[Round "7.99"]
[White "Fletcher, John"]
[Black "Cooper, Lawrence H"]
[Result "0-1"]
[WhiteElo "2063"]
[BlackElo "2330"]
[PlyCount "58"]
[EventDate "2015.03.21"]

1. d4 d5 2. e4 dxe4 3. Nc3 Nf6 4. f3 exf3 5. Nxf3 Bg4 6. h3 Bxf3 7. Qxf3 c6 8.
Be3 e6 9. Bd3 Be7 10. O-O Nbd7 11. g4 h6 12. Ne4 Qc7 13. c4 O-O-O 14. b4 Nxe4
15. Bxe4 Nf6 16. Bc2 Bxb4 17. Rab1 Qa5 18. a4 Bd2 19. Rfd1 Bxe3+ 20. Qxe3 Qg5
21. Qb3 Rd7 22. Re1 h5 23. Re5 Qf4 24. g5 Qxd4+ 25. Re3 Nh7 26. Rd1 Qb6 27.
Qxb6 Rxd1+ 28. Bxd1 axb6 29. h4 g6 0-1

[Event "4NCL Division 3"]
[Site "Daventry Court ENG"]
[Date "2015.03.21"]
[Round "7.99"]
[White "Meszaros, Gyula"]
[Black "Adams, Mark"]
[Result "1-0"]
[WhiteElo "2274"]
[BlackElo "1988"]
[PlyCount "53"]
[EventDate "2015.03.21"]

1. Nf3 d5 2. g3 Bf5 3. c4 e6 4. Bg2 c6 5. cxd5 exd5 6. O-O Nf6 7. d3 h6 8. Qb3
Qb6 9. Qc2 Be7 10. Nc3 Nbd7 11. e4 dxe4 12. dxe4 Bh7 13. Be3 Qa5 14. h3 O-O 15.
Nd4 Rfe8 16. a3 Rac8 17. Rac1 Bf8 18. f3 a6 19. Bf2 Qd8 20. Rfe1 Bd6 21. Qd1
Bc7 22. f4 Nb6 23. e5 Nfd5 24. Ne4 Bxe4 25. Bxe4 Qe7 26. Nf5 Qe6 27. Qg4 1-0

[Event "4NCL Division 3"]
[Site "Daventry Court ENG"]
[Date "2015.03.21"]
[Round "7.99"]
[White "Vaughan, David O"]
[Black "Manelidou, Maria"]
[Result "1-0"]
[WhiteElo "2027"]
[BlackElo "2060"]
[PlyCount "81"]
[EventDate "2015.03.21"]

1. f4 d5 2. e3 c5 3. Nf3 Nf6 4. b3 Nc6 5. Bb5 Qb6 6. Qe2 Bd7 7. Bb2 e6 8. O-O
Bd6 9. Bxc6 Bxc6 10. Ne5 Bb5 11. c4 dxc4 12. Nxc4 Rd8 13. Nba3 Ba6 14. Qf3 Qc7
15. Be5 O-O 16. Nxd6 Rxd6 17. Nc4 Ne8 18. Rfd1 f6 19. Bxd6 Nxd6 20. Nxd6 Qxd6
21. d4 cxd4 22. Rxd4 Qa3 23. Qe4 Re8 24. Rad1 Qa5 25. Rd6 f5 26. Qe5 Qxe5 27.
fxe5 Bb5 28. Rc1 Bc6 29. Kf2 Kf7 30. g3 g5 31. Ke2 h5 32. Kd3 g4 33. a4 Re7 34.
a5 Ke8 35. Kd4 a6 36. b4 Kf7 37. Kc5 Bf3 38. Kb6 Kg6 39. Rc7 Re8 40. Rdd7 f4
41. exf4 1-0

[Event "4NCL Division 3"]
[Site "Daventry Court ENG"]
[Date "2015.03.21"]
[Round "7.99"]
[White "Denninger, Guilhem"]
[Black "Waterfield, John"]
[Result "1/2-1/2"]
[WhiteElo "1759"]
[BlackElo "1904"]
[PlyCount "108"]
[EventDate "2015.03.21"]

1. d4 Nf6 2. g3 g6 3. Bg2 Bg7 4. Nf3 O-O 5. O-O d6 6. c4 Nbd7 7. Nc3 e5 8. Bg5
h6 9. Bxf6 Qxf6 10. Nd5 Qd8 11. e3 c6 12. Nc3 Qe7 13. Qc2 f5 14. b4 Nf6 15. c5
e4 16. Nd2 dxc5 17. bxc5 Be6 18. Rfb1 Nd5 19. Bf1 Rab8 20. Nxd5 Bxd5 21. Nc4 g5
22. Qa4 f4 23. Be2 fxg3 24. fxg3 Qe6 25. Nd6 b5 26. Qa5 Qd7 27. a4 a6 28. Qxa6
Ra8 29. Qb7 Qxb7 30. Nxb7 bxa4 31. Nd6 Rf6 32. Ra3 Bf8 33. Nc4 Rf7 34. Nb6 Rb7
35. Rb2 Ra5 36. Rxa4 Rxb6 37. cxb6 Rxa4 38. b7 Bd6 39. b8=Q+ Bxb8 40. Rxb8+ Kg7
41. Rb2 Kg6 42. g4 Ra1+ 43. Kf2 Rh1 44. Kg2 Re1 45. Kf2 Rh1 46. Kg2 Re1 47. Rc2
Kf6 48. h3 Ke6 49. Kf2 Rb1 50. Ba6 Kd7 51. Be2 Ke6 52. Ba6 Kd7 53. Be2 Ke6 54.
Ba6 Kd7 1/2-1/2

[Event "4NCL Division 3"]
[Site "Daventry Court ENG"]
[Date "2015.03.21"]
[Round "7.99"]
[White "Dixon, Chris"]
[Black "Misyura, Ilya"]
[Result "1-0"]
[WhiteElo "1836"]
[BlackElo "1661"]
[PlyCount "59"]
[EventDate "2015.03.21"]

1. Nf3 Nf6 2. g3 g6 3. Bg2 Bg7 4. O-O O-O 5. d3 d5 6. Nbd2 c5 7. e4 Nc6 8. Re1
e5 9. exd5 Nxd5 10. Nc4 Re8 11. a4 Ndb4 12. Bd2 e4 13. Rxe4 Rxe4 14. dxe4 Be6
15. Bf1 Bxc4 16. Bxc4 Bxb2 17. Rb1 Bg7 18. c3 Na5 19. Bxf7+ Kxf7 20. cxb4 cxb4
21. Bxb4 Nc6 22. Qb3+ Kf6 23. Bc3+ Ke7 24. Qxb7+ Kf8 25. Qxg7+ Ke8 26. Qg8+ Ke7
27. Rb7+ Qd7 28. Qxh7+ Kd6 29. Qxd7+ Kc5 30. Qd5# 1-0

[Event "4NCL Division 3"]
[Site "Daventry Court ENG"]
[Date "2015.03.21"]
[Round "7.99"]
[White "Munshi, Aditya"]
[Black "Thomas, Gary"]
[Result "1-0"]
[WhiteElo "1603"]
[BlackElo "1821"]
[PlyCount "103"]
[EventDate "2015.03.21"]

1. e4 g6 2. d4 Bg7 3. Nc3 c5 4. Nf3 cxd4 5. Nxd4 Nc6 6. Be3 d6 7. f3 Bd7 8. Bc4
Rc8 9. Bb3 a6 10. Qd2 Ne5 11. Qe2 Nf6 12. g4 b5 13. Nd5 Nxd5 14. Bxd5 Nc4 15.
Bxc4 Rxc4 16. Qd2 Qc7 17. O-O-O O-O 18. h4 Rc8 19. Rh2 Be6 20. Nxe6 fxe6 21. h5
b4 22. hxg6 hxg6 23. Rdh1 Qa5 24. Kb1 Qe5 25. Qc1 a5 26. Bh6 Bf6 27. Bf4 Qd4
28. Bg5 Bg7 29. Bh6 Bf6 30. g5 Bh8 31. Bf8 Rxf8 32. Rxh8+ Qxh8 33. Rxh8+ Kxh8
34. Qh1+ Kg8 35. Qh6 Kf7 36. Qh7+ Ke8 37. Qxg6+ Kd7 38. Qh5 Rxe4 39. Kc1 Re5
40. Qg4 Ref5 41. g6 Rg8 42. g7 Rf7 43. Qh5 Rfxg7 44. Qb5+ Kd8 45. Qxa5+ Ke8 46.
Qxb4 Rg2 47. a4 Rh2 48. b3 Kd7 49. Qb7+ Ke8 50. a5 Rg1+ 51. Kb2 Rhh1 52. a6 1-0

[Event "4NCL Division 3"]
[Site "Daventry Court ENG"]
[Date "2015.03.21"]
[Round "7.99"]
[White "Truran, Mike"]
[Black "Lambourne, Dan"]
[Result "1/2-1/2"]
[WhiteElo "2191"]
[BlackElo "2008"]
[PlyCount "78"]
[EventDate "2015.03.21"]

1. d4 e6 2. c4 d5 3. Nc3 Nf6 4. Bg5 Be7 5. e3 c6 6. cxd5 exd5 7. Qc2 h6 8. Bh4
Be6 9. Bd3 Nbd7 10. Nge2 Nh5 11. Bxe7 Qxe7 12. h3 Nb6 13. g4 Nf6 14. Ng3 g6 15.
O-O-O O-O-O 16. Kb1 Kb8 17. Rde1 Qc7 18. f4 Bc8 19. Nf1 Rhe8 20. Nd2 h5 21. g5
Ng8 22. Nf3 Ne7 23. Ne5 Nf5 24. Na4 Nxa4 25. Qxa4 Nd6 26. Rc1 Bd7 27. Rc3 Re7
28. Qb3 Qb6 29. Qxb6 axb6 30. b4 b5 31. Kb2 Nc8 32. Kb3 Nb6 33. Rcc1 Be8 34.
Rce1 Rd6 35. Kc3 Kc7 36. Bc2 Rd8 37. Rhf1 Ra8 38. Bb3 Bd7 39. h4 Bf5 1/2-1/2

[Event "4NCL Division 3"]
[Site "Daventry Court ENG"]
[Date "2015.03.21"]
[Round "7.99"]
[White "Adebajo, Olufemi"]
[Black "Asenov, Pavel"]
[Result "0-1"]
[WhiteElo "1971"]
[BlackElo "2044"]
[PlyCount "56"]
[EventDate "2015.03.21"]

1. e4 c5 2. Nc3 a6 3. g3 b5 4. Bg2 Bb7 5. d3 Nf6 6. Nh3 e6 7. O-O d6 8. Bd2 Be7
9. Qe2 Nc6 10. Rac1 O-O 11. f4 Nd4 12. Qd1 d5 13. e5 Nd7 14. Ne2 Nf5 15. c3 Qb6
16. Nf2 Rac8 17. Kh1 d4 18. Ne4 f6 19. cxd4 cxd4 20. exf6 Nxf6 21. Qb3 Nd5 22.
Rfe1 Kh8 23. Kg1 Nde3 24. Bf3 Bd5 25. Rc4 Rxc4 26. Bxe3 Nxe3 27. Nd2 Rb4 28.
Bxd5 exd5 0-1

[Event "4NCL Division 3"]
[Site "Daventry Court ENG"]
[Date "2015.03.21"]
[Round "7.99"]
[White "McLaren, Charlie"]
[Black "Valentine, Brian"]
[Result "0-1"]
[WhiteElo "1677"]
[BlackElo "1985"]
[PlyCount "52"]
[EventDate "2015.03.21"]

1. d4 Nf6 2. Nf3 e6 3. c4 b6 4. Nc3 Bb7 5. Qc2 c5 6. Bf4 d5 7. Rd1 Be7 8. dxc5
bxc5 9. cxd5 exd5 10. e4 d4 11. Bxb8 Qxb8 12. Bb5+ Kf8 13. e5 dxc3 14. exf6
Bxf6 15. Qf5 Bxf3 16. Qxf3 Qe5+ 17. Be2 Re8 18. g3 c2 19. Rc1 Qxb2 20. O-O Qxa2
21. Rfe1 Qa4 22. Qd5 Qd4 23. Qb3 Bg5 24. Rxc2 Bd2 25. Rd1 Rxe2 26. Rcxd2 Qxf2+
0-1

[Event "4NCL Division 3"]
[Site "Daventry Court ENG"]
[Date "2015.03.21"]
[Round "7.99"]
[White "Majer, Chris"]
[Black "Gentry, Alan"]
[Result "1-0"]
[WhiteElo "1942"]
[BlackElo "1764"]
[PlyCount "81"]
[EventDate "2015.03.21"]

1. e4 c5 2. Nc3 Nc6 3. Bb5 d6 4. Bxc6+ bxc6 5. f4 g6 6. Nf3 Bg7 7. d3 Rb8 8.
O-O Nf6 9. Qe1 O-O 10. Qh4 e6 11. Nd1 Nd7 12. Qh3 Qe7 13. f5 Ne5 14. Nxe5 Bxe5
15. Bh6 Re8 16. fxg6 fxg6 17. Rb1 Bg7 18. Be3 e5 19. Qg3 Be6 20. b3 c4 21. Nf2
cxd3 22. Nxd3 Rb5 23. c4 Rbb8 24. Rbd1 a5 25. Nb2 Bf6 26. Qf2 Rf8 27. Qd2 Rfd8
28. Na4 d5 29. Bc5 Qg7 30. cxd5 cxd5 31. exd5 Rxd5 32. Qxa5 Rbd8 33. Rxd5 Rxd5
34. Qa8+ Rd8 35. Qc6 Qf7 36. Be3 Qe7 37. Nc5 Rd6 38. Qf3 Bf5 39. Ne4 Bxe4 40.
Qxe4 Kg7 41. Bc5 1-0

[Event "4NCL Division 3"]
[Site "Daventry Court ENG"]
[Date "2015.03.21"]
[Round "7.99"]
[White "McLaren, Thomas"]
[Black "Williamson, Kevin"]
[Result "0-1"]
[WhiteElo "1524"]
[BlackElo "1970"]
[PlyCount "50"]
[EventDate "2015.03.21"]

1. c4 e5 2. g3 Nc6 3. Bg2 g6 4. Nc3 Bg7 5. d3 d6 6. e3 Be6 7. Nge2 Qd7 8. O-O
Bh3 9. Nd5 O-O-O 10. Rb1 h5 11. b4 h4 12. b5 hxg3 13. Nxg3 Bxg2 14. Kxg2 Qh3+
15. Kf3 e4+ 16. Ke2 exd3+ 17. Qxd3 Ne5 18. Qe4 Rh4 19. Nf4 Qg4+ 20. Kd2 Nf6 21.
Qc2 Rxh2 22. Bb2 Qxg3 23. Kd1 Qf3+ 24. Kc1 Bh6 25. Nd3 Bxe3+ 0-1

[Event "4NCL Division 3"]
[Site "Daventry Court ENG"]
[Date "2015.03.21"]
[Round "7.99"]
[White "Whiteside, Robert"]
[Black "Sheremetyeva, Elizaveta"]
[Result "1-0"]
[WhiteElo "1811"]
[BlackElo "1610"]
[PlyCount "85"]
[EventDate "2015.03.21"]

1. e4 c6 2. d4 d5 3. exd5 cxd5 4. c4 Nf6 5. Nc3 Nc6 6. Bg5 e6 7. Nf3 Be7 8. Bd3
O-O 9. O-O a6 10. c5 b5 11. a3 Bb7 12. Qc2 h6 13. Be3 Ng4 14. h3 Nxe3 15. fxe3
f5 16. Ne2 Rf6 17. Nf4 g5 18. Nh5 Rf8 19. g4 Bc8 20. Ng3 Qc7 21. Kg2 e5 22.
Bxf5 Bxf5 23. Nxf5 e4 24. Ng1 Kh7 25. Ne2 Na5 26. Neg3 Nc4 27. Rf2 h5 28. gxh5
g4 29. b3 Bh4 30. bxc4 Bxg3 31. Nxg3 Rf3 32. Rxf3 gxf3+ 33. Kh2 bxc4 34. Rb1
Rg8 35. Qf2 Rg5 36. Rb6 a5 37. Rd6 Rxh5 38. Nxh5 a4 39. Nf6+ Kh8 40. Qh4+ Kg7
41. Qh7+ Kf8 42. Qg8+ Ke7 43. Qe8# 1-0

[Event "4NCL Division 3"]
[Site "Daventry Court ENG"]
[Date "2015.03.21"]
[Round "7.99"]
[White "Finn, Thomas"]
[Black "Faulks, Nick W"]
[Result "1-0"]
[WhiteElo "1585"]
[BlackElo "2067"]
[PlyCount "31"]
[EventDate "2015.03.21"]

1. f4 e5 2. e4 d5 3. exd5 c6 4. Nf3 e4 5. Ne5 cxd5 6. c4 d4 7. c5 Nc6 8. Qh5
Nxe5 9. Qxe5+ Be7 10. Qxe4 Nf6 11. Bb5+ Kf8 12. Qc2 Qd5 13. O-O Bxc5 14. d3 Bf5
15. Re1 a6 16. Re5 1-0

[Event "4NCL Division 3"]
[Site "Daventry Court ENG"]
[Date "2015.03.21"]
[Round "7"]
[White "James, Angus S"]
[Black "Blake, J Morgan"]
[Result "1/2-1/2"]
[WhiteElo "1961"]
[BlackElo "1706"]
[PlyCount "59"]
[EventDate "2015.03.21"]

1. e4 e6 2. d4 d5 3. Nd2 Nf6 4. e5 Nfd7 5. f4 c5 6. c3 Nc6 7. Ngf3 Qb6 8. Nb3
cxd4 9. cxd4 a5 10. a4 Ndb8 11. Bd3 Nb4 12. Bb1 h6 13. O-O Be7 14. Be3 Bd7 15.
Nc5 N8c6 16. Nxd7 Kxd7 17. f5 Raf8 18. Qd2 Nd8 19. Kh1 Nbc6 20. Bd3 exf5 21.
Bxf5+ Ne6 22. Rfd1 Bb4 23. Qc2 Rc8 24. Qb3 Ne7 25. Bd3 Kc7 26. Rac1+ Kb8 27.
Bb5 Rxc1 28. Rxc1 Rc8 29. Rxc8+ Kxc8 30. Qc2+ 1/2-1/2